Todos os mapas do CS:GO - Statistics

Estatísticas Gerais
  • Esse quiz foi jogado 55 vezes
  • A pontuação média é 15 de 36
Estatísticas das Respostas
Modo de Jogo Mapa % Correto
Bomba Dust
98%
Bomba Dust II
98%
Braço Direito Shortdust
98%
Bomba Mirage
96%
Bomba Inferno
89%
Bomba Nuke
83%
Braço Direito Shortnuke
83%
Bomba Vertigo
83%
Bomba Anubis
74%
Bomba Train
74%
Bomba Ancient
72%
Bomba Overpass
70%
Bomba Cobblestone
64%
Refém Office
60%
Bomba Cache
57%
Bomba Lake
36%
Refém Italy
30%
Refém Agency
26%
Bomba Aztec
23%
Corrida Armada Baggage
21%
Refém Assault
15%
Corrida Armada Safehouse
13%
Corrida Armada Shoots
13%
Refém Militia
11%
Demolição Bank
9%
Bomba Canals
9%
Corrida Armada Lunacy
9%
Corrida Armada Monastery
9%
Bomba Breach
6%
Mata-Pombo Dizzy
6%
Demolição Sugarcane
6%
Danger Zone Blacksite
4%
Danger Zone Sirocco
4%
Danger Zone Ember
2%
Braço Direito St. Marc
2%
Danger Zone Vineyard
2%
Nenhum quiz correspondente encontrado
Distribuição das Pontuações
Porcentagem de Pessoas com Cada Pontuação
Percentil de Números Respondidos
Sua Pontuação Histórica
Você não jogou esse quiz